[Event "20th Cvijet Mediterana 2020"]
[Site "Rijeka"]
[Date "2020.03.02"]
[Round "2.3"]
[White "Medic, Mirjana"]
[Black "Dordzhieva, Dinara"]
[Result "1/2-1/2"]
[WhiteElo "2210"]
[BlackElo "2340"]
[Annotator "TA"]
[PlyCount "170"]
[EventDate "2020.03.01"]
[EventType "tourn"]
[EventCountry "CRO"]
[SourceTitle "playchess.com"]
[Source "ChessBase"]
[SourceQuality "1"]

{[%evp 10,170,20,0,0,2,12,-2,23,6,20,12,15,19,2,12,26,3,50,34,43,31,85,36,36,38,37,31,31,29,36,13,24,0,20,13,21,0,0,0,0,-43,0,0,0,0,0,0,0,-16,-22,-62,-52,-135,-120,-168,-166,-339,-336,-415,-393,-356,-118,-115,-30,-25,-26,-38,-48,-33,-33,-33,-55,-61,-56,-117,0,0,0,0,0,0,0,0,0,-1410,0,-942,0,0,0,0,1411,400,727,708,581,28,28,0,0,0,0,0,0,0,0,0,0,0,0,0,0,0,0,-95,0,-108,0,0,0,0,0,0,0,0,0,0,0,0,0,0,0,0,0,0,0,0,0,0,0,0,0,0,0,0,0,0,0,0,0,0,0,0,0,0,0,0,0,0,0,0,0]} 1. d4 Nf6 2. c4 e6 3. Nc3 d5 4. Nf3 dxc4 5. e3 a6 6. a4 b6 {D24: Queen's Gambit Accepted: 3 Nf3 Nf6 4 Nc3.} 7. Bxc4 Bb7 8. O-O Bb4 9. Qe2 O-O 10. Bd3 c5 11. Rd1 cxd4 12. exd4 Nbd7 13. Bg5 Bxc3 14. bxc3 Qc7 15. c4 {[#]} Ng4 $146 ({Better is} 15... h6 $14 16. Bc1 Rfe8) ({Predecessor:} 15... h6 16. Bc1 Rfe8 17. Ne5 Nxe5 18. Qxe5 Qxe5 19. dxe5 Nd7 20. Bh7+ {½-½ (20) Mohammad,N (2442)-Svane,R (2610) Riga 2019}) 16. Be4 (16. h3 {is interesting.} Ngf6 17. Qe3 a5 18. Bf4 Qc6 19. Qc1) 16... Bxe4 17. Qxe4 Ngf6 18. Qe2 Rac8 19. Rdc1 h6 20. Bxf6 (20. Be3 {seems wilder.} Rfe8 21. h3 e5 22. d5 Nc5 23. Nd2) 20... Nxf6 21. h3 a5 22. Rab1 Rfd8 23. Qb2 Rd6 24. Qa3 Nd7 25. Rc2 Rc6 (25... e5 $5) 26. Rbc1 e5 27. d5 Rg6 28. Re2 Re8 29. Qc3 e4 30. Nd4 Nc5 {[%cal Bd7c5,Bc5d3,Bd3f4][%mdl 32]} 31. Ra1 (31. Rf1 $15) 31... Nd3 $17 32. Re3 Nf4 $1 ({Don't play} 32... Qf4 $6 33. Ra2 $11) 33. g4 $2 (33. g3 {was worth a try.}) 33... h5 $1 $19 34. Rg3 hxg4 35. hxg4 {[#] intending Re1.} Qd7 $2 (35... e3 $1 $19 {[%mdl 512] is more deadly.} 36. fxe3 Nxd5 $1 {[%mdl 576] Pin}) 36. g5 $17 Rxg5 (36... Nd3 $17 37. Ra2 Nb4) 37. Rxg5 $11 Nh3+ {[%mdl 64] Double Attack} 38. Kg2 Nxg5 39. Qg3 f6 40. Ra3 $1 Qc8 41. Rc3 Qc5 $1 $36 {[%cal Rc5d4][%mdl 2048] Black is more active.} 42. Nb5 {[#]} (42. Nb3 $15 Qa3 43. Nd4) 42... Nf3 (42... e3 $1 $17 {[%mdl 512]} 43. Rxe3 Rxe3 44. Qxe3 Qxe3 45. fxe3 Ne4) 43. Nc7 $1 {[%cal Rc7e8]} Re5 {[#]} (43... Re7 $5 44. Ne6 $8 Rxe6 45. dxe6 Ne1+ 46. Kh2 Nd3 $11) 44. Ne6 $1 {[%csl Ge6][%cal Rg3g7][%mdl 576] Double Attack} Qe7 {...Nd4! is the strong threat.} 45. Rb3 Rh5 {Hoping for ...Rh2+.} 46. Qb8+ Kh7 {Strongly threatening ...Qf7.} 47. Rxb6 $2 {[%mdl 8192]} (47. Qf8 $11 Qd7 48. Rxb6) 47... Qf7 $2 ({Black should try} 47... Qa3 $1 $19 {( -> ...Ne1+)} 48. Rb3 Qc1) 48. Qg3 $2 {[%mdl 8192]} (48. Nf4 $11) 48... f5 $2 (48... Rh2+ $19 49. Qxh2+ Nxh2) 49. Nd8 Qe8 50. Re6 f4 $2 {[%mdl 8192]} (50... Rh1 $11 51. Rxe8 (51. Kxh1 Qh5+ 52. Kg2 Nh4+ 53. Kh3 Nf3+ 54. Kg2 Nh4+ 55. Kh3 Nf3+ 56. Kg2 $11) 51... Rg1+ 52. Kh3 Rh1+ 53. Kg2 Rg1+ 54. Kh3 Rh1+ 55. Kg2) 51. Rxe8 (51. Qxf4 $142 Nh4+ 52. Qxh4 $1 {[%mdl 512]} Rxh4 53. Rxe8) 51... fxg3 (51... Ne1+ $142 52. Kg1 fxg3 53. fxg3 Nf3+ 54. Kf2 Nd2) 52. Kxg3 $18 {[%mdl 4096] Endgame KRN-KRN} Nd2 53. Ne6 $2 (53. Kg4 $18 Rh2 54. c5 Rg2+ 55. Kh3) 53... Nxc4 $11 54. Nf4 Rg5+ 55. Kh4 Rg1 {aiming for ...g5+.} 56. Ne2 Rd1 57. Rxe4 Nd6 58. Re5 Nf7 59. Rf5 Nd6 60. Re5 Nf7 61. Rf5 g5+ 62. Kh5 (62. Kh3 $11 {keeps the balance.} Kg6 63. Ng3) 62... Rh1+ $17 63. Kg4 {[#]} Rh4+ ({Black should play} 63... Kg6 $1 $17 64. Kf3 Kxf5 65. Ng3+ {[%mdl 64] Double Attack} Ke5 66. Nxh1 Kxd5) 64. Kg3 $11 {The position is equal.} Kg6 65. Rf3 Rxa4 66. Re3 Kf5 67. Rf3+ Kg6 68. Re3 Rc4 69. f4 gxf4+ 70. Nxf4+ Kf5 71. Nd3 Ng5 72. d6 Rd4 (72... Rg4+ {keeps more tension.} 73. Kf2 Ne4+ 74. Ke2 Nxd6 75. Re5+ Kf6) 73. Re5+ {[#]} Kf6 $1 {[%mdl 512]} 74. Rxa5 Rxd3+ {KRN-KR} 75. Kg4 Rd4+ 76. Kg3 Rxd6 77. Kf4 Rd4+ 78. Ke3 Ne6 79. Rb5 Rh4 80. Ra5 Ke7 81. Rb5 Kd6 82. Rf5 Rh3+ 83. Ke4 Nc5+ 84. Kf4 Nd3+ 85. Ke4 Nc5+ {Accuracy: White = 73%, Black = 83%.} 1/2-1/2

[Event "20th Cvijet Mediterana 2020"]
[Site "Rijeka"]
[Date "2020.03.02"]
[Round "2.4"]
[White "Spiranec, Noemi"]
[Black "Geller, Anastasiya"]
[Result "0-1"]
[WhiteElo "2083"]
[BlackElo "2189"]
[Annotator "TA"]
[PlyCount "114"]
[EventDate "2020.03.01"]
[EventType "tourn"]
[EventCountry "CRO"]
[SourceTitle "playchess.com"]
[Source "ChessBase"]
[SourceQuality "1"]

{[%evp 10,114,35,5,16,16,16,14,14,12,14,20,23,0,12,18,17,2,2,-17,0,0,-8,-40,-25,-28,-48,-47,-20,-20,-34,-27,-35,-22,-18,-12,-16,-77,-70,-116,-112,-118,-108,-110,-104,-110,-102,-113,-105,-160,-157,-143,-102,-99,-103,-214,-201,-348,-343,-318,-310,-403,-403,-12831,-12831,-12837,-12822,-1619,-1156,-12840,-12840,-12841,-370,-12842,-12843,-12843,-12843,-12844,-25,-12838,-12839,-12839,-12837,-12841,-12842,-12842,-12841,-12845,-1391,-832,0,-12845,-12846,-12846,-12847,-12847,-12847,-12848,-12848,-12849,-12849,-27999,-27999,-27999,-27999,-27999,-27999]} 1. d4 Nf6 2. c4 e6 3. g3 d5 4. Bg2 dxc4 5. Nf3 a6 6. Ne5 {[%mdl 1024] White has compensation.} Bb4+ {E04: Open Catalan: 5 Nf3.} 7. Nc3 {[%cal Bb1c3,Bc3e4,Be4d2][%mdl 32] And now Qa4+ would win.} Nd5 8. Bd2 Nb6 {The position is equal.} 9. e3 N8d7 10. Nxd7 Qxd7 11. Ne4 Bxd2+ (11... Be7 {looks sharper.} 12. Nc5 Qb5 13. a4 Qxb2 14. Rb1 Qa3) 12. Nxd2 O-O {[#]} 13. Rc1 $146 ({Predecessor:} 13. Qc2 e5 14. dxe5 Rd8 15. Be4 g6 16. h4 Qe7 17. f4 h5 18. Kf2 c6 19. Rhd1 {1-0 (41) Shuvalova,P (2376)-Dordzhieva,D (2277) Loo 2017}) 13... Qb5 14. Qc2 {[%cal Rd2c4]} e5 15. dxe5 Qxe5 16. O-O (16. Qc3 $5 {[%cal Rc3e5]} Qb5 17. O-O $11) 16... c6 17. Rfe1 Be6 18. Bf1 {[%cal Rd2c4]} Rad8 (18... Rab8 {is more complex.} 19. Rb1 Rbd8 20. Nxc4 Nxc4 21. Bxc4 Bg4) 19. Nxc4 Nxc4 20. Bxc4 Bxc4 21. Qxc4 Qxb2 22. Rb1 $1 {[%cal Rb1b2]} Qd2 23. Re2 (23. Qa4 $1 $11 {keeps the balance.}) 23... Qd7 $36 {[%mdl 2048] Black is pushing.} 24. Reb2 b5 25. Qc5 Rfe8 26. Qb6 h5 27. h4 Qc8 28. Rc1 Re6 29. Qc5 (29. Rbc2 $142) 29... g6 30. a4 {[%cal Ra4b5]} Qd7 31. Qb6 Rd6 32. Rbb1 (32. Rb4 $17 {was called for.}) 32... Qf5 (32... bxa4 33. Qxa6 Qg4 34. Rf1) 33. Qxa6 (33. Rb4 $142) 33... Rd2 34. Rf1 {[#]} Rxf2 $1 {[%mdl 512]} 35. Qxc6 (35. Rxf2 Qxb1+) 35... bxa4 {White must now prevent ...Rdd2.} 36. Qxa4 {[#]} (36. Rxf2 $142 Qxb1+ 37. Kh2) 36... Rdd2 $1 $19 37. Qc6 Kh7 38. Qa8 Rc2 39. Rbd1 Rb2 40. Rc1 Rbe2 $2 (40... Kg7 {...Rxf1+ is the strong threat.} 41. Qh1 Ra2) 41. Qc6 $2 (41. Rcd1) 41... Ra2 42. Qb7 Kh6 {( -> ...Rxf1+)} 43. Qh1 Rxf1+ {[%mdl 64] Overworked Piece} 44. Rxf1 {[%mdl 4096] Endgame KQR-KQR} Qc2 45. Qh3 f5 46. g4 hxg4 47. Qg3 Qe4 48. Rf4 Qd3 (48... Ra1+ $142 49. Rf1 Ra2) 49. Rf1 Qe4 (49... Qc2 $142 50. Qf4+ Kh7) 50. Rf4 $1 {[%cal Rf4e4]} Ra1+ 51. Rf1 Rxf1+ 52. Kxf1 Qf3+ 53. Qxf3 gxf3 {K3P-KPP} 54. Kf2 Kh5 55. Kxf3 Kxh4 {Black mates.} 56. Kf4 g5+ 57. Kxf5 g4 {Accuracy: White = 61%, Black = 84%.} 0-1

[Event "20th Cvijet Mediterana 2020"]
[Site "Rijeka"]
[Date "2020.03.02"]
[Round "2.5"]
[White "Hrescak, Ivana"]
[Black "Unuk, Laura"]
[Result "0-1"]
[WhiteElo "2182"]
[BlackElo "2379"]
[Annotator "TA"]
[PlyCount "72"]
[EventDate "2020.03.01"]
[EventType "tourn"]
[EventCountry "CRO"]
[SourceTitle "playchess.com"]
[Source "ChessBase"]
[SourceQuality "1"]

{[%evp 15,72,23,29,0,7,10,0,-24,-34,-48,-50,-51,-69,-116,-60,-62,-62,-87,-89,-105,-112,-114,-115,-153,-145,-150,-154,-147,-140,-153,-75,-80,-63,-74,-49,-91,-94,-86,-56,-67,-62,-75,-33,-120,-132,-134,-136,-125,-141,-123,-93,-178,-169,-169,-135,-77,-96,-29995,-29996]} 1. d4 d5 2. c4 c6 3. Nf3 Nf6 4. Nc3 a6 5. e3 b5 6. b3 Bg4 7. Be2 e6 8. O-O Nbd7 9. Bd2 {D15: Slav Defence: 4 Nc3 a6 and gambit lines after 4 Nc3 dxc4.} Bd6 10. h3 Bh5 11. a4 {[%cal Rc4b5] The position is equal.} b4 12. Na2 a5 13. Nc1 {[#]} Ne4 $146 ({Predecessor:} 13... O-O 14. Nd3 dxc4 15. bxc4 Qb8 16. c5 Bc7 17. Nc1 Re8 18. Nb3 Qb7 19. Bc1 e5 {0-1 (46) Abdyjapar,A (2390)-Himanshu,S (2410) Kalutara 2015}) 14. Nd3 O-O (14... dxc4 $17 15. bxc4 c5) 15. Rc1 $15 f6 16. Nfe1 Bf7 (16... Nxd2 17. Qxd2 Bf7 18. cxd5 $11) 17. cxd5 cxd5 18. Bf3 e5 19. Nb2 f5 20. dxe5 Nxe5 21. Be2 Qf6 22. Nbd3 {[#]} Rac8 (22... Nc4 $142 $1 {[%mdl 512]} 23. bxc4 dxc4) 23. Nxe5 Qxe5 {[%csl Gd6][%cal Re5h2]} 24. Nf3 Qb2 25. Rb1 Qf6 26. Rc1 g5 27. Rxc8 Rxc8 28. Nd4 {[#]} h5 $1 {[%mdl 512]} 29. Bc1 {[#]} (29. Be1 $15) (29. Bxh5 Bxh5) 29... g4 $1 $17 {[%cal Rg4h3]} 30. hxg4 hxg4 {...Qh6 is the strong threat.} 31. Bxg4 Qh4 {[%csl Gd6][%cal Rh4h2]} 32. Bh3 {[#]} Ng5 $1 33. Nxf5 (33. Qd2 $17 {keeps fighting.}) 33... Nxh3+ $40 {[%mdl 128] Black wants a kill.} 34. gxh3 Qxh3 {[%csl Gd6][%cal Rh3h2]} 35. Nxd6 Rc6 36. f4 $2 {[%mdl 8192]} (36. e4 $17 Rxd6 37. Bf4) 36... Qg3+ {Accuracy: White = 63%, Black = 81%.} 0-1

[Event "20th Cvijet Mediterana 2020"]
[Site "Rijeka"]
[Date "2020.03.03"]
[Round "3.1"]
[White "Unuk, Laura"]
[Black "Vujnovic, Patricija"]
[Result "1-0"]
[WhiteElo "2377"]
[BlackElo "2103"]
[Annotator "TA"]
[PlyCount "89"]
[EventDate "2020.03.01"]
[EventType "tourn"]
[EventCountry "CRO"]
[SourceTitle "playchess.com"]
[Source "ChessBase"]
[SourceQuality "1"]

{[%evp 21,89,-46,-24,-41,15,-74,-28,-30,0,-16,0,0,0,-71,-18,-64,0,-48,-23,-83,56,69,106,87,118,111,104,92,112,104,130,120,163,156,167,131,120,114,372,220,216,216,197,170,172,156,152,156,154,156,171,171,251,250,345,336,545,309,527,536,5056,5056,4686,3068,29989,29990,29990,29991,29991,29992]} 1. Nf3 Nf6 2. g3 d5 3. Bg2 e6 4. O-O Be7 5. d3 O-O 6. Nbd2 c5 7. e4 Nc6 8. Re1 b5 9. e5 Nd7 10. Nf1 a5 11. h4 b4 12. h5 {C00: French: Unusual White 2nd moves.} Ba6 (12... h6 $15) 13. a4 (13. h6 $11) 13... bxa3 14. bxa3 {Black has an edge.} Rb8 {[#]} 15. N1h2 $146 ({Predecessor:} 15. h6 g6 16. N1h2 a4 17. Ng4 Nd4 18. Nxd4 cxd4 19. Nh2 Qc7 20. Nf3 Rfc8 21. Ra2 {0-1 (36) Frih,A (2166)-Garrido,D (2295) France 2004}) 15... Qc7 {[%cal Rc6e5]} 16. Ng4 Nd4 17. Ng5 (17. Bf4 $11) 17... Rb6 (17... h6 $17 18. Nf3 Nf5) 18. Bf4 Qd8 (18... h6 $15 19. Nf3 Rfb8) 19. Nh3 Rb2 20. Ne3 (20. c3 $11 {remains equal.} Nf5 21. h6) 20... Qb6 (20... a4 $17) 21. Qg4 $1 $14 Kh8 22. h6 $1 {[%csl Gh6][%cal Rg4g7]} g6 {[#]} 23. Nxd5 $1 {[%mdl 512]} exd5 24. Qxd7 $40 {[%mdl 192] Double Attack. White has strong attack.} Qe6 25. Qxd5 Nxc2 26. Reb1 Qxd5 27. Bxd5 Rfb8 28. Rxb2 Rxb2 29. Rc1 {Strongly threatening Bg5.} Kg8 $2 {[%mdl 8192] Now Black is done in.} (29... Nd4 $16) 30. Ng5 (30. Bg5 $142 Kf8 31. Bxe7+ Kxe7 32. Ng5 {[%mdl 64] Double Attack}) 30... Nd4 $18 31. Kg2 $1 ({Worse is} 31. Bxf7+ Kf8 $11) (31. Nxf7 Ne2+ 32. Kh2 (32. Kg2 Bb7 $17) 32... Nxc1 $11) 31... Ne2 {And now ...Bxg5 would win.} 32. e6 ({Inferior is} 32. Nxf7 Bb7 $17) 32... f6 33. Rxc5 $1 Nxf4+ 34. gxf4 fxg5 35. Rc7 $1 {[%cal Rc7e7]} Kf8 36. Ra7 $1 {[%cal Ra7a8] White wants to mate with Ra8+.} Rxf2+ {[#]} (36... Bb7 {is a better defense.} 37. Bxb7 Bc5 {[%mdl 64] Double Attack} 38. Rxa5 Bxf2 39. Ra8+ Ke7) 37. Kh3 $1 {Threatens to win with Ra8+.} Bc8 {[#]} 38. Ra8 $1 {[%cal Ra8c8]} Bd6 $2 (38... Bxa3 39. Rxc8+ Ke7 40. fxg5 Rf8 41. Rc7+ Kd6 42. Rd7+ Ke5 43. d4+ Kf4) 39. Rxc8+ {[%mdl 4096] Endgame KRB-KRB} Ke7 40. Rh8 gxf4 41. Rxh7+ Kf6 42. Rd7 {h7 would kill now.} Be5 43. e7 {White mates.} f3 44. e8=Q Rh2+ 45. Kg4 {Accuracy: White = 75%, Black = 37%.} 1-0

[Event "20th Cvijet Mediterana 2020"]
[Site "Rijeka"]
[Date "2020.03.03"]
[Round "3.2"]
[White "Geller, Anastasiya"]
[Black "Hrescak, Ivana"]
[Result "0-1"]
[WhiteElo "2161"]
[BlackElo "2182"]
[Annotator "TA"]
[PlyCount "88"]
[EventDate "2020.03.01"]
[EventType "tourn"]
[EventCountry "CRO"]
[SourceTitle "playchess.com"]
[Source "ChessBase"]
[SourceQuality "1"]

{[%evp 22,88,39,32,33,40,47,51,35,7,62,58,60,64,70,69,70,67,62,58,56,14,14,19,19,13,12,0,4,16,18,15,23,0,0,-8,54,0,13,21,21,22,17,6,71,25,29,29,29,-15,-12,-8,-16,-37,-37,-58,-59,-59,-41,-38,-29,-41,-37,-183,-87,-98,-66,-70,-43]} 1. d4 Nf6 2. c4 g6 3. Nc3 Bg7 4. e4 d6 5. f3 O-O 6. Be3 c5 7. dxc5 dxc5 8. Qxd8 Rxd8 9. Bxc5 Nc6 10. Nge2 Nd7 11. Be3 Nde5 12. Nf4 Nb4 {[#] Hoping for ...Nc2+. E81: King's Indian: Sämisch: 6th move deviations (including 6 Be3 c6).} 13. Rc1 e6 14. a3 Nbc6 $1 {[#] White is slightly better.} 15. h4 $146 ({Predecessor:} 15. Be2 Nd4 16. Nb5 Nec6 17. Nxd4 Nxd4 18. Rd1 Nc2+ 19. Kf2 Bd7 20. Bc5 Ba4 21. Rxd8+ Rxd8 {½-½ (62) Vega Gutierrez,S (2375)-Fuchs,J (2342) Mulhouse 2016}) 15... Bd7 (15... Na5 $11) 16. b4 $1 $14 Be8 17. Nb5 Rd7 18. c5 $1 a5 19. Rb1 axb4 20. axb4 Bf8 21. Nd6 Bxd6 22. cxd6 Rxd6 23. Bc5 Rdd8 24. Bb6 Rdc8 25. Kf2 Nd7 26. Be3 Ra4 27. b5 Nd4 28. h5 Ne5 (28... g5 $11 29. Nd3 h6) 29. Nd3 (29. hxg6 $14 hxg6 30. Kg3) 29... Rc2+ 30. Kg3 Nxd3 31. Bxd3 Rc3 32. Rhd1 e5 (32... gxh5 $11 {keeps the balance.} 33. Rbc1 Rxd3 {[%mdl 64] Remove Defender} 34. Rxd3 Ne2+ 35. Kh2 Nxc1) 33. Bg5 f5 34. Bf6 Raa3 35. Bxe5 {[#] Black must now prevent Bf1.} (35. Bf1 {looks sharper.} fxe4 36. Bxe5 Nf5+ 37. Kf4 Rc5 38. Rbc1) 35... Rxd3 36. Bxd4 fxe4 37. Rxd3 Rxd3 $11 {[%mdl 4096] Endgame KRB-KRB} 38. Bb6 exf3 39. gxf3 g5 40. Kg4 h6 41. Re1 Bxb5 42. Kf5 (42. Re3 $15) 42... Kf7 (42... Rxf3+ $19 43. Ke5 Kf7) 43. f4 Rd6 44. Bc7 Bd7+ {Accuracy: White = 75%, Black = 71%.} 0-1

[Event "20th Cvijet Mediterana 2020"]
[Site "Rijeka"]
[Date "2020.03.03"]
[Round "3.3"]
[White "Dordzhieva, Dinara"]
[Black "Spiranec, Noemi"]
[Result "1-0"]
[WhiteElo "2340"]
[BlackElo "2083"]
[Annotator "TA"]
[PlyCount "185"]
[EventDate "2020.03.01"]
[EventType "tourn"]
[EventCountry "CRO"]
[SourceTitle "playchess.com"]
[Source "ChessBase"]
[SourceQuality "1"]

{[%evp 12,185,14,8,49,-6,14,17,12,-8,18,24,14,9,36,12,37,35,45,9,33,17,42,25,22,20,22,24,22,13,20,21,18,47,26,0,0,-3,0,0,0,0,0,0,32,-5,-11,-9,0,0,0,0,0,0,0,0,15,0,0,0,5,5,8,4,9,8,15,8,18,14,10,0,0,0,0,0,0,0,0,0,0,0,34,37,77,77,125,109,99,8,77,8,92,92,92,92,92,10,10,12,18,0,0,0,0,0,0,0,0,0,0,0,0,0,0,0,0,0,0,0,0,0,33,25,33,33,58,58,81,81,81,81,81,81,81,81,81,81,146,80,80,80,204,97,104,104,677,643,644,627,29967,29968,29968,29969,29969,29970,29969,29971,29970,29972,29973,29974,29974,29975,29974,29975,29975,29975,29976,29975,29980,29981,29980,29980,29983,29983]} 1. d4 Nf6 2. c4 e6 3. Nc3 Bb4 4. e3 O-O 5. Bd2 d5 6. Nf3 c5 7. a3 cxd4 {E51: Nimzo-Indian: Rubinstein: 4...0-0 5 Nf3 d5.} (7... Bxc3 $5 8. Bxc3 cxd4 9. Qxd4 (9. exd4 Nc6 $11) (9. Nxd4 Bd7 $11) 9... Nc6 $11) 8. Nxd4 (8. axb4 $14 dxc3 9. Bxc3) 8... Be7 9. cxd5 Nxd5 {[#] The position is equal.} 10. Bc4 $146 ({Predecessor:} 10. Be2 Nd7 11. Nxd5 exd5 12. Bf3 Ne5 13. O-O Bf6 14. Bc3 Be6 15. Qe2 Qd7 16. Rfd1 Nxf3+ 17. gxf3 {1-0 (46) Kivelos,S (1903)-Lagaras,S (1718) Achaia 2017}) 10... Nc6 (10... Nb6 {is more complex.} 11. Ba2 Nc6 12. Nf3 e5 13. Qc2 Bg4) 11. Nxc6 bxc6 12. O-O Rb8 13. e4 Nf6 14. Qc2 Qc7 15. h3 Rd8 16. Be3 a6 17. Rac1 Bb7 18. Qe2 c5 19. Bxa6 Bxa6 20. Qxa6 Rxb2 21. Na4 Qb7 22. Qc4 Rb5 23. Nc3 Ra5 24. Rb1 Qa6 (24... Qa8 {keeps more tension.} 25. Rfd1 Rxd1+ 26. Rxd1 Rxa3 27. e5 Ne8) 25. Qxa6 Rxa6 26. a4 h6 27. Rb7 Rd3 28. Rc1 Bd6 29. Rb5 Be5 (29... Nd7 {with more complications.} 30. a5 Bc7 31. Na4 Rxa5 32. Nxc5 Rxe3 33. Rxa5 Bxa5 34. Nxd7 Rc3) 30. Rxc5 Bxc3 31. R5xc3 Rxc3 32. Rxc3 Rxa4 $11 {[%mdl 4096] Endgame KRB-KRN} 33. f3 Ra2 34. h4 Nh5 35. Kh2 Re2 36. Bc1 Kh7 37. Kh3 Re1 38. g4 Nf6 39. h5 g6 40. hxg6+ Kxg6 41. Bf4 Nh7 42. Rc8 Ng5+ 43. Kg2 f6 44. Rc6 Kf7 45. Rc7+ Kg6 46. Bd6 Rd1 47. Bf8 {[%csl Gf8][%cal Rc7g7]} Nf7 48. f4 $1 {[%cal Rf4f5] Strongly threatening f5+.} f5 49. gxf5+ exf5 50. e5 (50. exf5+ $16 Kf6 51. Bb4) 50... Rd8 (50... Nd8 $11) 51. Bc5 ({White should play} 51. Be7 $16 Rd2+ 52. Kh3) 51... Re8 (51... Rd2+ $11 {keeps the balance.} 52. Kf3 Nd8) 52. Rc6+ $16 Kg7 53. Bd4 Nd8 {[#]} 54. Rf6 ({White should try} 54. e6+ $1 $16 Kg6 55. Rc8) 54... Ne6 $11 55. Be3 Nc7 56. Rd6 (56. Rxf5 $2 Nd5 $17) (56. Kf3 {is interesting.} Nd5 57. Rd6 Nc3 58. Bd4 Ne4 59. Rb6) 56... Ne6 57. Kf3 h5 58. Bf2 Kf7 59. Rd7+ Re7 60. Rd1 Rb7 61. Be3 Kg6 62. Rd6 Kf7 63. Rd3 Kg6 64. Kg3 Rb4 65. Rd6 Kf7 66. Rd7+ Ke8 67. Rh7 Re4 68. Kf3 h4 69. Rxh4 {And now Rh5 would win.} Kf7 70. Rh6 {Rf6+ is the strong threat.} Ng7 71. Rf6+ Kg8 72. Bc5 {Black must now prevent Rxf5!} Rc4 73. Bd6 Rc3+ 74. Kf2 {Threatens to win with e6.} Rd3 (74... Rc6 $142 75. Rf8+ Kh7) 75. Rf8+ (75. Be7 $142) 75... Kh7 $16 76. Be7 {Hoping for Bg5.} Rd4 {[#]} (76... Rc3 $16 77. Bb4 Rb3) 77. Ke3 (77. Bg5 $1 $18 {and the rest is easy.}) 77... Re4+ 78. Kf3 Kg6 $2 {[%mdl 8192]} (78... Rc4 $16 79. Rf7 Kg8 80. Rf8+ Kh7) 79. Rf6+ $18 Kh7 80. Bf8 Ra4 81. Bxg7 {KRB-KR. White mates.} Ra3+ 82. Kf2 Kxg7 83. Rxf5 {KR-KR} Kg6 84. Rg5+ Kf7 85. Rg3 Ra4 86. Kf3 Ke6 87. Rg6+ Kf7 88. Rf6+ Ke7 89. Kg4 Ra1 90. Rb6 Ra8 91. f5 Rg8+ 92. Kf4 Rg1 93. Rb7+ {Accuracy: White = 83%, Black = 70%.} 1-0

[Event "20th Cvijet Mediterana 2020"]
[Site "Rijeka"]
[Date "2020.03.03"]
[Round "3.4"]
[White "Radikovic, Anamarija"]
[Black "Medic, Mirjana"]
[Result "1/2-1/2"]
[WhiteElo "1996"]
[BlackElo "2210"]
[Annotator "TA"]
[PlyCount "30"]
[EventDate "2020.03.01"]
[EventType "tourn"]
[EventCountry "CRO"]
[SourceTitle "playchess.com"]
[Source "ChessBase"]
[SourceQuality "1"]

{[%evp 13,30,26,46,26,42,41,70,66,83,47,50,58,75,61,78,66,59,54,93]} 1. d4 e6 2. c4 f5 3. Nf3 Nf6 4. g3 d5 5. Bg2 c6 6. O-O Bd6 7. Bf4 O-O 8. Nbd2 {A90: Dutch Defence: Miscellaneous and Modern Stonewall (with ...Bd6).} Be7 {[#]} 9. Rc1 $146 ({Predecessor:} 9. Qc2 Nbd7 10. cxd5 Nxd5 11. Be5 g5 12. Rfd1 g4 13. Ne1 Nxe5 14. dxe5 Qc7 15. Nd3 {1-0 (41) Diaz Rubi,F (2182)-Pallas Muino,J (2318) ICCF email 2018}) 9... Bd7 10. Qb3 Qb6 11. c5 (11. Qd3 {feels hotter.} h6 12. Nb3 Qd8 13. Nc5 Bc8 14. cxd5 cxd5 15. Ne5) 11... Qxb3 12. Nxb3 b6 13. Ne5 Rc8 14. Nd3 Be8 15. Rc2 Nh5 {Accuracy: White = 85%, Black = 70%.} 1/2-1/2

[Event "20th Cvijet Mediterana 2020"]
[Site "Rijeka"]
[Date "2020.03.03"]
[Round "3.5"]
[White "Doluhanova, Evgeniya"]
[Black "Smirnova, Ekaterina"]
[Result "0-1"]
[WhiteElo "2258"]
[BlackElo "2266"]
[Annotator "TA"]
[PlyCount "114"]
[EventDate "2020.03.01"]
[EventType "tourn"]
[EventCountry "CRO"]
[SourceTitle "playchess.com"]
[Source "ChessBase"]
[SourceQuality "1"]

{[%evp 9,114,-8,16,0,3,0,0,0,0,0,0,-10,-8,-14,-12,-10,6,0,22,22,25,21,74,41,51,27,108,0,17,30,27,0,17,0,19,0,27,11,21,-69,-68,-79,-8,-37,0,-53,-50,-62,-67,-143,-147,-139,-145,-140,-143,-176,-151,-179,-181,-180,-181,-199,-199,-198,-199,-198,-198,-202,-201,-201,-198,-196,-176,-197,-173,-180,-161,-187,-177,-197,-197,-204,-197,-197,-101,-197,-197,-197,-197,-391,-388,-381,-374,-374,-370,-464,-460,-539,-479,-509,-500,-827,-808,-29982,-29983,-29983,-29984]} 1. Nf3 d5 2. e3 Nf6 3. b3 Bg4 4. Bb2 e6 5. h3 Bh5 6. g4 {A06: Réti Opening: 1 Nf3 d5.} Bg6 7. Ne5 Nbd7 8. Nxg6 {The position is equal.} hxg6 9. Bg2 g5 {[#]} 10. Qe2 $146 ({Predecessor:} 10. d3 Nb6 11. Nd2 Nfd7 12. Qe2 c5 13. O-O-O Qc7 14. Rhf1 O-O-O 15. f4 gxf4 16. Rxf4 {0-1 (42) Eleftheriou,G (1659)-Berbatis,A (1881) Rio Achaea 2018}) 10... c6 11. d3 Bd6 12. Nd2 Qa5 13. a3 Be5 14. d4 Bd6 15. c4 O-O-O (15... Be7 $11) 16. b4 Qa4 17. Qd3 Kb8 (17... dxc4 $11 18. Nxc4 Bc7) 18. Bf3 (18. c5 $16) 18... dxc4 19. Nxc4 Bc7 20. Qd1 Qb5 21. Qb3 {Threatens to win with a4.} Nb6 22. Rc1 Nfd5 23. Na5 Bd6 {[%cal Rd5b4]} 24. Nc4 ({Better is} 24. Be2 $11 Qa4 25. Bd1) 24... Nxc4 $15 25. Qxc4 Nb6 (25... a6 $17) 26. Qc2 f5 27. Qb3 ({White should try} 27. gxf5 $11 Qxf5 28. Bg4) 27... Nd5 28. Bc3 fxg4 29. Bxg4 {[#]} (29. Be2 $1 $15 Qb6 30. Bxg4) 29... Nxe3 $1 $17 {[%mdl 512]} 30. Be2 ({Avoid the trap} 30. fxe3 $2 {[#]} Qd3 $1 $19 {[%mdl 512]}) 30... Qd5 31. Qxd5 Nxd5 32. Bb2 Nf4 33. Rc3 Be7 34. Rb3 Bf6 35. Bc1 Nxe2 36. Kxe2 Rxd4 37. Rg1 Rd5 38. Rbg3 Re5+ 39. Be3 Rd8 40. Rg4 Rdd5 41. Rb1 Bd8 42. Rb3 Bb6 43. a4 Rf5 44. a5 Bxe3 45. fxe3 $19 {[%mdl 4096] Endgame KRR-KRR} Rb5 46. Rd3 Rfd5 (46... Kc7 $19 47. Re4 Rfe5 48. Rxe5 Rxe5) 47. Rc3 (47. Rxd5 $17 exd5 48. Rxg5) 47... a6 48. Rc1 c5 49. e4 $2 (49. Rxc5 Rdxc5 50. bxc5) 49... Re5 50. bxc5 Rexc5 51. Rd1 Rxa5 52. Rd8+ Ka7 53. Rd7 Ra3 54. Kd2 Rxh3 55. Rxg7 (55. Rg2 $142 g6 56. Rg7) 55... Ra5 {( -> ...Ra2+)} 56. R7xg5 Ra2+ 57. Kc1 Rh1+ {Accuracy: White = 62%, Black = 78%.} 0-1